| 000 | 00453cam a2200181ua 4500 | ||
|---|---|---|---|
| 020 | _c30.00 | ||
| 041 |
_aeng _h |
||
| 082 |
_a005.133 _bRAD/CO |
||
| 100 | _aRadhakrishnan, M . | ||
| 245 |
_aComputer programming in COBOL / _cM Radhakrishnan. _hTextual Documents |
||
| 250 |
_a2 / _b. |
||
| 260 |
_aCoimbatore : _bPratheeba publishers , _c1987. |
||
| 300 | _a253 ; . | ||
| 365 | _a30.00 | ||
| 504 | _a | ||
| 942 | _cBK | ||
| 999 |
_c9676 _d9676 |
||